000 00683nam a2200169 a 4500
008 120416s0000 ||||||||||||||||| || u
020 _a0340614420
050 _aTK 7874 Dit
100 _aDitch, W
245 1 0 _aMicroelectronic systems 2
246 _aa practical approach
260 _aLondon
_bE. Arnold
_c1995
300 _aviii, 241p. : ill.
350 _a0.00
995 _aMAIN LIBRARY OPEN ACCESS
_D0.00
_e727017
_FCBU-MAIN LIBRARY (Kitwe)
_H2
_I17.99
_jTK 7874 Dit
_UAVAILABLE
_y018170
_ZMain Library Open Access Collection
995 _aMAIN LIBRARY OPEN ACCESS
_D0.00
_e727016
_FCBU-MAIN LIBRARY (Kitwe)
_H1
_I17.99
_jTK 7874 Dit
_UAVAILABLE
_y018169
_ZMain Library Open Access Collection
999 _c82923
_d82923